|
|
|
|
| LEADER |
00888nam#a2200289#a#4500 |
| 001 |
010006 |
| 005 |
20160721145329.0 |
| 008 |
031218s1999####sp##################spa#d |
| 020 |
|
|
|a 8489859701
|
| 040 |
|
|
|a AR-beUNQ
|
| 099 |
|
|
|a 04-S86
|
| 100 |
1 |
|
|a Sarriés Sanz, Luis
|
| 245 |
0 |
0 |
|a Sociología industrial : las relaciones industriales en la sociedad postmoderna
|c Luis Sarriés Sanz.
|
| 250 |
|
|
|a 1a. ed.
|
| 260 |
|
|
|a Zaragoza :
|b Mira,
|c 1999
|
| 300 |
|
|
|a 406 p
|
| 650 |
|
7 |
|a SOCIOLOGIA
|2 Spines
|
| 650 |
|
7 |
|a RELACIONES LABORALES
|2 Spines
|
| 650 |
|
7 |
|a ORGANIZACIONES EMPRESARIALES
|2 Spines
|
| 650 |
|
7 |
|a TRABAJO
|2 Spines
|
| 650 |
|
7 |
|a CONDICIONES DE TRABAJO
|2 Spines
|
| 650 |
|
7 |
|a SINDICATOS
|2 Spines
|
| 650 |
|
7 |
|a MOVIMIENTO OBRERO
|2 toit
|
| 653 |
|
|
|a POSMODERNIDAD
|
| 929 |
|
|
|a COMPRA
|b Oficina Cultural
|d 30,00E
|e 20031215
|f patrimonio
|j 35502
|
| 942 |
|
|
|c LIB
|n 0
|
| 999 |
|
|
|c 12429
|d 87816
|